000 00668nam a2200289Ia 4500
005 20260324140603.0
008 008 260324s9999 xx 000 0 eng d
020 _a9781315841083
037 _aEBOOK
040 _aCRL
040 _beng
040 _cCRL
041 _2eng
041 _aeng
084 _qCRL
100 _aAnne Murcott
_91186483
245 4 _aThe Nation's Diet
245 4 _bThe Social Science of Food Choice
260 _bTaylor and Francis
260 _c1998
365 _a
365 _b280
856 _uhttp://www.taylorfrancis.com/books/9781315841083
942 _cEBOOK
999 _c1807194
_d1807194